[Event "Lidkoping Open 2019"]
[Site "Lidkoping"]
[Date "2019.08.25"]
[Round "5.17"]
[White "Wiman, Kenneth"]
[Black "Nordlund, Keith"]
[Result "1/2-1/2"]
[WhiteElo "1868"]
[BlackElo "2013"]
[Annotator "NA"]
[PlyCount "87"]
[EventDate "2019.08.19"]
[EventType "swiss"]
[EventCountry "SWE"]
[SourceTitle "playchess.com"]
[Source "ChessBase"]
[SourceQuality "1"]
[TimeControl "2700+10"]

1. d4 {[%emt 0:00:00]} Nf6 {[%emt 0:00:00]} 2. Bg5 {[%emt 0:00:18]} Ne4 {[%emt 0:01:28]} 3. Bf4 {[%emt 0:00:13]} d5 {[%emt 0:00:43]} 4. f3 {[%emt 0:02:09]} Nf6 {[%emt 0:01:02]} 5. Nc3 {[%emt 0:00:37]} Bf5 {[%emt 0:01:40]} 6. e3 {[%emt 0:01:25]} c6 {[%emt 0:02:07]} 7. g4 {[%emt 0:02:20]} Bg6 {[%emt 0:01:08]} 8. Qd2 {[%emt 0:00:37]} e6 {[%emt 0:00:47]} 9. a3 {[%emt 0:00:59]} Bd6 {[%emt 0:02:27]} 10. Nge2 {[%emt 0:01:08]} h6 {[%emt 0:01:32]} 11. O-O-O {[%emt 0:01:17]} Bh7 {[%emt 0:02:24]} 12. Bxd6 {[%emt 0:02:55]} Qxd6 {[%emt 0:00:06]} 13. Nf4 {[%emt 0:02:24]} Nbd7 {[%emt 0:02:30]} 14. Nd3 {[%emt 0:03:52]} O-O-O {[%emt 0:00:48]} 15. Be2 {[%emt 0:03:28]} e5 {[%emt 0:01:07]} 16. dxe5 {[%emt 0:01:45]} Nxe5 {[%emt 0:00:05]} 17. Nxe5 {[%emt 0:00:14]} Qxe5 {[%emt 0:00:02]} 18. Qd4 {[%emt 0:01:49]} Rhe8 {[%emt 0:03:37]} 19. Qxa7 {[%emt 0:04:13]} Qxe3+ {[%emt 0:00:06]} 20. Qxe3 {[%emt 0:00:08]} Rxe3 {[%emt 0:00:03]} 21. Rd2 {[%emt 0:02:20]} Rde8 {[%emt 0:01:47]} 22. Bd1 {[%emt 0:02:29]} Nd7 {[%emt 0:02:40]} 23. Re2 {[%emt 0:01:17]} d4 {[%emt 0:02:01]} 24. Rxe3 {[%emt 0:01:50]} Rxe3 {[%emt 0:00:08]} 25. Ne2 {[%emt 0:03:14]} Rxf3 {[%emt 0:04:39]} 26. Nxd4 {[%emt 0:00:32]} Rf2 {[%emt 0:00:06]} 27. h4 {[%emt 0:00:41]} Nb6 {[%emt 0:01:56]} 28. g5 {[%emt 0:00:41]} Nd5 {[%emt 0:02:06]} 29. gxh6 {[%emt 0:00:54]} gxh6 {[%emt 0:00:02]} 30. Re1 {[%emt 0:00:33]} Rf4 {[%emt 0:01:31]} 31. Nf3 {[%emt 0:00:26]} Be4 {[%emt 0:00:45]} 32. Ne5 {[%emt 0:00:53]} Kc7 {[%emt 0:02:34]} 33. h5 {[%emt 0:00:18]} f5 {[%emt 0:03:12]} 34. Nf7 {[%emt 0:00:10]} Rh4 {[%emt 0:00:06]} 35. Nxh6 {[%emt 0:00:05]} Nf6 {[%emt 0:00:29]} 36. Nf7 {[%emt 0:00:16]} Nxh5 {[%emt 0:00:21]} 37. Ng5 {[%emt 0:00:18]} Nf6 {[%emt 0:00:39]} 38. Bf3 {[%emt 0:00:25]} Bxf3 {[%emt 0:00:41]} 39. Nxf3 {[%emt 0:00:02]} Rh3 {[%emt 0:00:04]} 40. Rf1 {[%emt 0:00:18]} Ne4 {[%emt 0:00:55]} 41. b3 {[%emt 0:00:18]} Ng3 {[%emt 0:00:11]} 42. Rf2 {[%emt 0:00:06]} Ne4 {[%emt 0:00:05]} 43. Rf1 {[%emt 0:00:02]} Ng3 {[%emt 0:00:01]} 44. Rf2 {[%emt 0:02:21]} 1/2-1/2

[Event "Lidkoping Open 2019"]
[Site "Lidkoping"]
[Date "2019.08.25"]
[Round "5.18"]
[White "Johansson, Eva"]
[Black "Bengtsson, Siv"]
[Result "0-1"]
[WhiteElo "1869"]
[BlackElo "2074"]
[Annotator "NA"]
[PlyCount "83"]
[EventDate "2019.08.19"]
[EventType "swiss"]
[EventCountry "SWE"]
[SourceTitle "playchess.com"]
[Source "ChessBase"]
[SourceQuality "1"]
[TimeControl "2700+10"]

1. d4 {[%emt 0:00:00]} Nf6 {[%emt 0:00:00]} 2. c4 {[%emt 0:00:03]} g6 {[%emt 0:00:00]} 3. Nf3 {[%emt 0:00:05]} Bg7 {[%emt 0:00:02]} 4. g3 {[%emt 0:00:03]} O-O {[%emt 0:01:18]} 5. Bg2 {[%emt 0:00:03]} d5 {[%emt 0:00:12]} 6. O-O {[%emt 0:01:14]} dxc4 {[%emt 0:00:39]} 7. Na3 {[%emt 0:01:23]} c3 {[%emt 0:00:59]} 8. bxc3 {[%emt 0:00:11]} c5 {[%emt 0:00:46]} 9. Nc2 {[%emt 0:03:03]} Qa5 {[%emt 0:04:32]} 10. Bd2 {[%emt 0:05:31]} Ne4 {[%emt 0:02:09]} 11. Qe1 {[%emt 0:00:37]} Nxd2 {[%emt 0:00:27]} 12. Qxd2 {[%emt 0:00:02]} Nc6 {[%emt 0:03:20]} 13. e3 {[%emt 0:02:22]} Rd8 {[%emt 0:04:09]} 14. Rfd1 {[%emt 0:03:22]} Bf5 {[%emt 0:09:22]} 15. Nh4 {[%emt 0:01:43]} Bxc2 {[%emt 0:00:25]} 16. Qxc2 {[%emt 0:00:21]} Rac8 {[%emt 0:00:43]} 17. Qb3 {[%emt 0:06:58]} b6 {[%emt 0:04:09]} 18. Rac1 {[%emt 0:03:03]} c4 {[%emt 0:02:32]} 19. Qc2 {[%emt 0:01:10]} e6 {[%emt 0:00:38]} 20. Nf3 {[%emt 0:01:13]} Ne7 {[%emt 0:00:40]} 21. Nd2 {[%emt 0:01:46]} b5 {[%emt 0:00:14]} 22. Ne4 {[%emt 0:00:09]} Qb6 {[%emt 0:00:53]} 23. Qe2 {[%emt 0:01:14]} e5 {[%emt 0:01:09]} 24. h4 {[%emt 0:01:58]} exd4 {[%emt 0:00:48]} 25. exd4 {[%emt 0:00:26]} Nd5 {[%emt 0:00:13]} 26. Nd2 {[%emt 0:03:52]} Qa5 {[%emt 0:01:40]} 27. Ne4 {[%emt 0:00:49]} Re8 {[%emt 0:00:35]} 28. Qc2 {[%emt 0:00:14]} Rcd8 {[%emt 0:00:04]} 29. Nc5 {[%emt 0:00:23]} Re7 {[%emt 0:01:42]} 30. Ne4 {[%emt 0:01:58]} Qc7 {[%emt 0:00:57]} 31. Rb1 {[%emt 0:01:11]} a6 {[%emt 0:00:49]} 32. Nc5 {[%emt 0:00:04]} Qd6 {[%emt 0:00:38]} 33. Re1 {[%emt 0:00:24]} Rxe1+ {[%emt 0:00:45]} 34. Rxe1 {[%emt 0:00:01]} Rb8 {[%emt 0:00:30]} 35. Bxd5 {[%emt 0:00:24]} Qxd5 {[%emt 0:00:03]} 36. Nxa6 {[%emt 0:00:01]} Rd8 {[%emt 0:00:15]} 37. Nc5 {[%emt 0:00:06]} b4 {[%emt 0:00:16]} 38. cxb4 {[%emt 0:00:25]} Bxd4 {[%emt 0:00:19]} 39. Rc1 {[%emt 0:01:24]} c3 {[%emt 0:00:27]} 40. Ne4 {[%emt 0:00:59]} Rc8 {[%emt 0:00:21]} 41. Rd1 {[%emt 0:00:16]} Qe5 {[%emt 0:00:19]} 42. Kg2 {[%emt 0:00:28]} 0-1

[Event "Lidkoping Open 2019"]
[Site "Lidkoping"]
[Date "2019.08.25"]
[Round "5.19"]
[White "Nordstrom, Per-Olov"]
[Black "Andersson, Kjell-Ake"]
[Result "0-1"]
[WhiteElo "1899"]
[BlackElo "1922"]
[Annotator "NA"]
[PlyCount "68"]
[EventDate "2019.08.19"]
[EventType "swiss"]
[EventCountry "SWE"]
[SourceTitle "playchess.com"]
[Source "ChessBase"]
[SourceQuality "1"]
[TimeControl "2700+10"]

1. e4 {[%emt 0:00:00]} e6 {[%emt 0:00:00]} 2. d3 {[%emt 0:00:02]} d5 {[%emt 0:00:00]} 3. Nd2 {[%emt 0:00:04]} c5 {[%emt 0:00:00]} 4. Ngf3 {[%emt 0:00:13]} Nc6 {[%emt 0:00:02]} 5. g3 {[%emt 0:00:09]} Nf6 {[%emt 0:00:05]} 6. Bg2 {[%emt 0:00:22]} Be7 {[%emt 0:00:03]} 7. O-O {[%emt 0:00:14]} O-O {[%emt 0:00:03]} 8. e5 {[%emt 0:00:39]} Ne8 {[%emt 0:00:04]} 9. Re1 {[%emt 0:00:26]} b5 {[%emt 0:00:12]} 10. Nf1 {[%emt 0:01:09]} Bd7 {[%emt 0:01:10]} 11. h4 {[%emt 0:00:21]} a5 {[%emt 0:00:38]} 12. N1h2 {[%emt 0:00:58]} b4 {[%emt 0:02:09]} 13. h5 {[%emt 0:03:02]} a4 {[%emt 0:02:58]} 14. a3 {[%emt 0:00:58]} Nc7 {[%emt 0:00:49]} 15. h6 {[%emt 0:00:30]} g6 {[%emt 0:00:09]} 16. g4 {[%emt 0:02:17]} Nb5 {[%emt 0:04:06]} 17. g5 {[%emt 0:06:19]} Ncd4 {[%emt 0:06:30]} 18. Qd2 {[%emt 0:04:31]} b3 {[%emt 0:07:43]} 19. Nxd4 {[%emt 0:07:08]} Nxd4 {[%emt 0:05:56]} 20. c4 {[%emt 0:00:45]} Nc2 {[%emt 0:02:27]} 21. cxd5 {[%emt 0:00:11]} exd5 {[%emt 0:00:47]} 22. Bxd5 {[%emt 0:00:35]} Nxa1 {[%emt 0:00:04]} 23. e6 {[%emt 0:08:02]} fxe6 {[%emt 0:03:45]} 24. Qc3 {[%emt 0:05:03]} Rf7 {[%emt 0:03:10]} 25. Bxa8 {[%emt 0:01:09]} Qxa8 {[%emt 0:00:18]} 26. Ng4 {[%emt 0:00:42]} Qf3 {[%emt 0:01:54]} 27. Ne5 {[%emt 0:00:56]} Qxf2+ {[%emt 0:01:03]} 28. Kh1 {[%emt 0:00:02]} Nc2 {[%emt 0:01:32]} 29. Bd2 {[%emt 0:01:26]} Nxe1 {[%emt 0:00:14]} 30. Bxe1 {[%emt 0:00:12]} Qf1+ {[%emt 0:00:20]} 31. Kh2 {[%emt 0:00:03]} Bd6 {[%emt 0:00:02]} 32. Bg3 {[%emt 0:00:09]} Bxe5 {[%emt 0:00:43]} 33. Qxe5 {[%emt 0:00:07]} Bc6 {[%emt 0:00:09]} 34. Qb8+ {[%emt 0:01:45]} Rf8 {[%emt 0:00:01]} 0-1

[Event "Lidkoping Open 2019"]
[Site "Lidkoping"]
[Date "2019.08.25"]
[Round "5.20"]
[White "Frisk, Anders"]
[Black "Arvidsson, Jonas"]
[Result "1/2-1/2"]
[WhiteElo "1776"]
[BlackElo "1993"]
[Annotator "NA"]
[PlyCount "81"]
[EventDate "2019.08.19"]
[EventType "swiss"]
[EventCountry "SWE"]
[SourceTitle "playchess.com"]
[Source "ChessBase"]
[SourceQuality "1"]
[TimeControl "2700+10"]

1. c4 {[%emt 0:00:00]} e5 {[%emt 0:00:00]} 2. Nc3 {[%emt 0:00:00]} Nf6 {[%emt 0:00:02]} 3. Nf3 {[%emt 0:00:11]} Nc6 {[%emt 0:00:13]} 4. d4 {[%emt 0:00:08]} exd4 {[%emt 0:01:07]} 5. Nxd4 {[%emt 0:00:06]} Bc5 {[%emt 0:01:23]} 6. Nxc6 {[%emt 0:00:56]} bxc6 {[%emt 0:00:04]} 7. g3 {[%emt 0:00:36]} O-O {[%emt 0:04:02]} 8. Bg2 {[%emt 0:00:44]} Bb7 {[%emt 0:01:08]} 9. O-O {[%emt 0:00:43]} Qe7 {[%emt 0:00:31]} 10. e3 {[%emt 0:05:24]} Rfd8 {[%emt 0:00:41]} 11. Qc2 {[%emt 0:04:31]} d5 {[%emt 0:01:46]} 12. Na4 {[%emt 0:05:56]} Ba6 {[%emt 0:03:32]} 13. b3 {[%emt 0:05:11]} Bd6 {[%emt 0:02:07]} 14. Rd1 {[%emt 0:03:09]} Be5 {[%emt 0:02:38]} 15. Rb1 {[%emt 0:02:02]} dxc4 {[%emt 0:02:34]} 16. Rxd8+ {[%emt 0:03:26]} Rxd8 {[%emt 0:00:06]} 17. bxc4 {[%emt 0:01:17]} Qe6 {[%emt 0:01:41]} 18. Nb2 {[%emt 0:04:03]} Bxb2 {[%emt 0:02:44]} 19. Bxb2 {[%emt 0:02:33]} Bxc4 {[%emt 0:00:06]} 20. Bxf6 {[%emt 0:00:49]} gxf6 {[%emt 0:00:14]} 21. Rc1 {[%emt 0:00:57]} Bxa2 {[%emt 0:02:47]} 22. Bxc6 {[%emt 0:01:03]} Qb3 {[%emt 0:02:43]} 23. Be4 {[%emt 0:01:07]} Qxc2 {[%emt 0:01:40]} 24. Rxc2 {[%emt 0:00:07]} Rd1+ {[%emt 0:00:03]} 25. Kg2 {[%emt 0:00:23]} Bd5 {[%emt 0:00:05]} 26. Bxd5 {[%emt 0:00:40]} Rxd5 {[%emt 0:00:02]} 27. Rxc7 {[%emt 0:00:25]} Ra5 {[%emt 0:00:03]} 28. h4 {[%emt 0:01:05]} Ra2 {[%emt 0:00:24]} 29. g4 {[%emt 0:00:35]} a5 {[%emt 0:00:12]} 30. Kg3 {[%emt 0:00:23]} a4 {[%emt 0:00:07]} 31. f3 {[%emt 0:00:16]} a3 {[%emt 0:00:08]} 32. Kf4 {[%emt 0:00:32]} Kg7 {[%emt 0:00:03]} 33. Ra7 {[%emt 0:00:07]} Ra1 {[%emt 0:00:07]} 34. Kf5 {[%emt 0:00:29]} a2 {[%emt 0:00:11]} 35. f4 {[%emt 0:00:22]} h6 {[%emt 0:00:15]} 36. h5 {[%emt 0:00:07]} Re1 {[%emt 0:00:21]} 37. Rxa2 {[%emt 0:00:06]} Rxe3 {[%emt 0:00:02]} 38. Ra6 {[%emt 0:00:22]} Rb3 {[%emt 0:00:02]} 39. Ra5 {[%emt 0:00:11]} Rb4 {[%emt 0:00:35]} 40. Rc5 {[%emt 0:00:08]} Ra4 {[%emt 0:00:20]} 41. Rb5 {[%emt 0:00:05]} 1/2-1/2

[Event "Lidkoping Open 2019"]
[Site "Lidkoping"]
[Date "2019.08.25"]
[Round "5.21"]
[White "Isacsson, Jorgen"]
[Black "Beslagic, Smail"]
[Result "1/2-1/2"]
[WhiteElo "1731"]
[BlackElo "1853"]
[Annotator "NA"]
[PlyCount "30"]
[EventDate "2019.08.19"]
[EventType "swiss"]
[EventCountry "SWE"]
[SourceTitle "playchess.com"]
[Source "ChessBase"]
[SourceQuality "1"]
[TimeControl "2700+10"]

1. Nf3 {[%emt 0:00:00]} d5 {[%emt 0:00:08]} 2. d4 {[%emt 0:00:00]} Nf6 {[%emt 0:00:11]} 3. Bf4 {[%emt 0:00:00]} e6 {[%emt 0:00:27]} 4. e3 {[%emt 0:00:51]} c5 {[%emt 0:00:17]} 5. Nbd2 {[%emt 0:01:45]} Nc6 {[%emt 0:00:31]} 6. Ne5 {[%emt 0:00:13]} Qb6 {[%emt 0:03:08]} 7. Nxc6 {[%emt 0:06:13]} bxc6 {[%emt 0:00:57]} 8. Rb1 {[%emt 0:03:01]} cxd4 {[%emt 0:40:41]} 9. exd4 {[%emt 0:34:27]} Qxd4 {[%emt 0:00:00]} 10. Be3 {[%emt 0:00:00]} Qb4 {[%emt 0:00:00]} 11. a3 {[%emt 0:00:00]} Qb8 {[%emt 0:00:00]} 12. c4 {[%emt 0:00:00]} Be7 {[%emt 0:00:00]} 13. Bd3 {[%emt 0:00:00]} h6 {[%emt 0:00:00]} 14. f4 {[%emt 0:00:00]} Bd7 {[%emt 0:00:00]} 15. O-O {[%emt 0:00:00]} O-O {[%emt 0:00:00]} 1/2-1/2

[Event "Lidkoping Open 2019"]
[Site "Lidkoping"]
[Date "2019.08.25"]
[Round "5.22"]
[White "Nyberg, Arne"]
[Black "Lunde, Sigmund"]
[Result "1-0"]
[WhiteElo "1967"]
[BlackElo "1806"]
[Annotator "NA"]
[PlyCount "55"]
[EventDate "2019.08.19"]
[EventType "swiss"]
[EventCountry "SWE"]
[SourceTitle "playchess.com"]
[Source "ChessBase"]
[SourceQuality "1"]
[TimeControl "2700+10"]

1. e4 {[%emt 0:00:00]} e6 {[%emt 0:03:37]} 2. d4 {[%emt 0:00:04]} d5 {[%emt 0:00:23]} 3. Nc3 {[%emt 0:00:08]} Nf6 {[%emt 0:01:21]} 4. Bg5 {[%emt 0:00:26]} Be7 {[%emt 0:00:16]} 5. e5 {[%emt 0:00:04]} Nfd7 {[%emt 0:01:54]} 6. Bxe7 {[%emt 0:45:18]} Qxe7 {[%emt 0:00:12]} 7. f4 {[%emt 0:00:00]} c5 {[%emt 0:00:41]} 8. Nb5 {[%emt 0:00:00]} Qd8 {[%emt 0:02:50]} 9. Nd6+ {[%emt 0:00:00]} Ke7 {[%emt 0:00:10]} 10. Qh5 {[%emt 0:00:00]} g6 {[%emt 0:00:08]} 11. Qh4+ {[%emt 0:00:00]} f6 {[%emt 0:00:03]} 12. Qh6 {[%emt 0:00:00]} Qa5+ {[%emt 0:02:08]} 13. c3 {[%emt 0:01:10]} Rf8 {[%emt 0:00:29]} 14. Qxh7+ {[%emt 0:00:00]} Kd8 {[%emt 0:00:04]} 15. Nf3 {[%emt 0:00:00]} Nc6 {[%emt 0:00:20]} 16. Bb5 {[%emt 0:00:00]} a6 {[%emt 0:07:32]} 17. Bxc6 {[%emt 0:00:00]} bxc6 {[%emt 0:00:01]} 18. O-O {[%emt 0:00:00]} Kc7 {[%emt 0:02:59]} 19. Qxg6 {[%emt 0:00:00]} Rb8 {[%emt 0:01:23]} 20. Qc2 {[%emt 0:00:00]} Qb6 {[%emt 0:04:19]} 21. b3 {[%emt 0:00:00]} Qa5 {[%emt 0:00:33]} 22. Kh1 {[%emt 0:00:00]} Rb6 {[%emt 0:02:13]} 23. c4 {[%emt 0:00:00]} Rh8 {[%emt 0:06:38]} 24. cxd5 {[%emt 0:00:00]} fxe5 {[%emt 0:01:09]} 25. Nc4 {[%emt 0:00:00]} Qb4 {[%emt 0:00:22]} 26. Nxb6 {[%emt 0:00:00]} Qxb6 {[%emt 0:00:13]} 27. dxe6 {[%emt 0:00:00]} Nb8 {[%emt 0:00:31]} 28. Qxc5 {[%emt 0:00:00]} 1-0

[Event "Lidkoping Open 2019"]
[Site "Lidkoping"]
[Date "2019.08.25"]
[Round "6.1"]
[White "Blomqvist, Erik"]
[Black "Ernst, Thomas"]
[Result "0-1"]
[WhiteElo "2507"]
[BlackElo "2329"]
[Annotator "ChessBase"]
[PlyCount "116"]
[EventDate "2019.08.19"]
[EventType "swiss"]
[EventCountry "SWE"]
[SourceTitle "playchess.com"]
[Source "ChessBase"]
[SourceQuality "1"]
[TimeControl "2700+10"]

1. e4 {[%emt 0:00:00]} e5 {[%emt 0:00:00]} 2. Nf3 {[%emt 0:00:00]} Nc6 {[%emt 0:00:00]} 3. Bb5 {[%emt 0:00:03]} a6 {[%emt 0:00:00]} 4. Ba4 {[%emt 0:00:02]} Nf6 {[%emt 0:00:04]} 5. d3 {[%emt 0:00:03]} Bc5 {[%emt 0:00:29]} 6. c3 {[%emt 0:00:07]} b5 {[%emt 0:00:44]} 7. Bc2 {[%emt 0:01:43]} d5 {[%emt 0:01:09]} 8. Qe2 {[%emt 0:02:41]} dxe4 {[%emt 0:01:53]} 9. dxe4 {[%emt 0:00:02]} Be6 {[%emt 0:00:12]} 10. Nbd2 {[%emt 0:01:56]} Bd6 {[%emt 0:02:43]} 11. O-O {[%emt 0:04:20]} O-O {[%emt 0:00:27]} 12. a4 {[%emt 0:01:23]} b4 {[%emt 0:01:55]} 13. a5 {[%emt 0:00:04]} Bc8 {[%emt 0:00:54]} 14. Nc4 {[%emt 0:00:39]} Qe7 {[%emt 0:03:26]} 15. h3 {[%emt 0:00:59]} Nd7 {[%emt 0:01:12]} 16. Be3 {[%emt 0:06:08]} Nc5 {[%emt 0:01:40]} 17. Nxd6 {[%emt 0:00:14]} cxd6 {[%emt 0:00:09]} 18. Nd2 {[%emt 0:03:29]} Rb8 {[%emt 0:05:03]} 19. Nc4 {[%emt 0:00:43]} Rb5 {[%emt 0:00:35]} 20. Rfd1 {[%emt 0:04:06]} Rd8 {[%emt 0:00:38]} 21. Rd5 {[%emt 0:05:07]} b3 {[%emt 0:05:32]} 22. Bxc5 {[%emt 0:03:21]} dxc5 {[%emt 0:01:06]} 23. Bd3 {[%emt 0:00:13]} Be6 {[%emt 0:02:25]} 24. Rxd8+ {[%emt 0:00:03]} Qxd8 {[%emt 0:00:03]} 25. Nxe5 {[%emt 0:03:19]} Rxa5 {[%emt 0:00:08]} 26. Rxa5 {[%emt 0:00:12]} Nxa5 {[%emt 0:00:02]} 27. Bxa6 {[%emt 0:00:06]} Qg5 {[%emt 0:01:59]} 28. Ng4 {[%emt 0:02:45]} Qc1+ {[%emt 0:05:13]} 29. Kh2 {[%emt 0:00:02]} Qf4+ {[%emt 0:00:45]} 30. g3 {[%emt 0:00:49]} Qc7 {[%emt 0:00:14]} 31. Ne3 {[%emt 0:01:12]} c4 {[%emt 0:00:17]} 32. Qh5 {[%emt 0:02:36]} Qb6 {[%emt 0:00:45]} 33. Qb5 {[%emt 0:00:29]} Qxb5 {[%emt 0:00:04]} 34. Bxb5 {[%emt 0:00:01]} Kf8 {[%emt 0:00:05]} 35. f4 {[%emt 0:00:06]} f6 {[%emt 0:00:08]} 36. g4 {[%emt 0:01:12]} Ke7 {[%emt 0:00:19]} 37. Kg3 {[%emt 0:00:08]} Kd6 {[%emt 0:00:10]} 38. Kf3 {[%emt 0:00:29]} Kc5 {[%emt 0:00:27]} 39. Be8 {[%emt 0:00:01]} Nb7 {[%emt 0:00:18]} 40. e5 {[%emt 0:00:18]} fxe5 {[%emt 0:03:54]} 41. fxe5 {[%emt 0:00:01]} Nd8 {[%emt 0:00:01]} 42. Ke4 {[%emt 0:00:08]} Bc8 {[%emt 0:00:07]} 43. Nf5 {[%emt 0:00:29]} Ne6 {[%emt 0:00:19]} 44. Nd6 {[%emt 0:00:19]} Ng5+ {[%emt 0:00:16]} 45. Ke3 {[%emt 0:00:07]} Be6 {[%emt 0:00:18]} 46. h4 {[%emt 0:00:04]} Nh3 {[%emt 0:00:04]} 47. Bf7 {[%emt 0:00:12]} Bxf7 {[%emt 0:00:05]} 48. Nxf7 {[%emt 0:00:01]} Kd5 {[%emt 0:00:02]} 49. Nd6 {[%emt 0:00:22]} g5 {[%emt 0:00:07]} 50. Nxc4 {[%emt 0:00:14]} Kxc4 {[%emt 0:00:48]} 51. e6 {[%emt 0:00:10]} Nf4 {[%emt 0:00:02]} 52. e7 {[%emt 0:00:10]} Nd5+ {[%emt 0:00:02]} 53. Ke4 {[%emt 0:00:01]} Nxe7 {[%emt 0:00:02]} 54. hxg5 {[%emt 0:00:15]} Nd5 {[%emt 0:00:51]} 55. Ke5 {[%emt 0:00:15]} Nxc3 {[%emt 0:00:04]} 56. Kf6 {[%emt 0:00:08]} Ne4+ {[%emt 0:00:12]} 57. Kg7 {[%emt 0:00:07]} Nxg5 {[%emt 0:00:04]} 58. Kh6 {[%emt 0:00:00]} Nf3 {[%emt 0:00:27]} 0-1

[Event "Lidkoping Open 2019"]
[Site "Lidkoping"]
[Date "2019.08.25"]
[Round "6.2"]
[White "Nordlund, Jim"]
[Black "Bellon Lopez, Juan Manuel"]
[Result "0-1"]
[WhiteElo "2130"]
[BlackElo "2335"]
[Annotator "ChessBase"]
[PlyCount "86"]
[EventDate "2019.08.19"]
[EventType "swiss"]
[EventCountry "SWE"]
[SourceTitle "playchess.com"]
[Source "ChessBase"]
[SourceQuality "1"]
[TimeControl "2700+10"]

1. e4 {[%emt 0:00:00]} c5 {[%emt 0:00:00]} 2. d3 {[%emt 0:00:00]} g6 {[%emt 0:00:00]} 3. Be2 {[%emt 0:00:11]} Bg7 {[%emt 0:00:00]} 4. f4 {[%emt 0:00:05]} Nc6 {[%emt 0:00:00]} 5. Nf3 {[%emt 0:00:08]} d6 {[%emt 0:00:01]} 6. O-O {[%emt 0:00:10]} e6 {[%emt 0:00:37]} 7. c3 {[%emt 0:00:26]} Nge7 {[%emt 0:00:02]} 8. Be3 {[%emt 0:00:13]} O-O {[%emt 0:00:08]} 9. d4 {[%emt 0:00:14]} cxd4 {[%emt 0:00:06]} 10. cxd4 {[%emt 0:00:05]} d5 {[%emt 0:00:49]} 11. e5 {[%emt 0:00:23]} f6 {[%emt 0:00:25]} 12. Na3 {[%emt 0:02:30]} Nf5 {[%emt 0:00:11]} 13. Bf2 {[%emt 0:00:20]} fxe5 {[%emt 0:02:01]} 14. fxe5 {[%emt 0:00:48]} Qb6 {[%emt 0:00:24]} 15. b3 {[%emt 0:04:07]} Bd7 {[%emt 0:00:38]} 16. g4 {[%emt 0:01:18]} Nfe7 {[%emt 0:02:59]} 17. Qd2 {[%emt 0:00:35]} Qb4 {[%emt 0:00:54]} 18. Qb2 {[%emt 0:06:02]} Bh6 {[%emt 0:02:00]} 19. Kg2 {[%emt 0:03:23]} Bf4 {[%emt 0:00:59]} 20. Nb5 {[%emt 0:01:19]} Nc8 {[%emt 0:02:48]} 21. Be1 {[%emt 0:04:28]} Qe7 {[%emt 0:00:07]} 22. h4 {[%emt 0:00:22]} a6 {[%emt 0:00:12]} 23. Nc3 {[%emt 0:01:11]} b5 {[%emt 0:02:09]} 24. Bg3 {[%emt 0:02:17]} Be3 {[%emt 0:04:15]} 25. Nd1 {[%emt 0:01:31]} Rxf3 {[%emt 0:00:23]} 26. Bxf3 {[%emt 0:00:03]} Bxd4 {[%emt 0:00:02]} 27. Qc1 {[%emt 0:00:09]} Bxa1 {[%emt 0:03:12]} 28. Qxa1 {[%emt 0:00:05]} Qg7 {[%emt 0:01:18]} 29. Nf2 {[%emt 0:00:46]} h6 {[%emt 0:01:12]} 30. Nd3 {[%emt 0:01:30]} Nb6 {[%emt 0:04:19]} 31. Qb2 {[%emt 0:04:27]} Rf8 {[%emt 0:01:56]} 32. Qf2 {[%emt 0:02:23]} d4 {[%emt 0:01:34]} 33. Qe2 {[%emt 0:01:27]} Ne7 {[%emt 0:01:03]} 34. Rc1 {[%emt 0:01:32]} Nbd5 {[%emt 0:00:45]} 35. Kh3 {[%emt 0:00:56]} Nc3 {[%emt 0:01:52]} 36. Qf2 {[%emt 0:03:22]} Ned5 {[%emt 0:03:47]} 37. Qxd4 {[%emt 0:00:07]} Rxf3 {[%emt 0:00:12]} 38. Rxc3 {[%emt 0:00:02]} Nxc3 {[%emt 0:00:15]} 39. Qxc3 {[%emt 0:00:03]} Qf7 {[%emt 0:00:39]} 40. Qd4 {[%emt 0:00:23]} g5 {[%emt 0:01:07]} 41. h5 {[%emt 0:00:11]} Bc6 {[%emt 0:00:24]} 42. Nf2 {[%emt 0:00:28]} Bd5 {[%emt 0:00:35]} 43. Ne4 {[%emt 0:01:02]} Qf4 {[%emt 0:01:35]} 0-1

[Event "Lidkoping Open 2019"]
[Site "Lidkoping"]
[Date "2019.08.25"]
[Round "6.3"]
[White "Svensson, Bengt"]
[Black "Ronneland, Daniel"]
[Result "1-0"]
[WhiteElo "2310"]
[BlackElo "2137"]
[Annotator "ChessBase"]
[PlyCount "65"]
[EventDate "2019.08.19"]
[EventType "swiss"]
[EventCountry "SWE"]
[SourceTitle "playchess.com"]
[Source "ChessBase"]
[SourceQuality "1"]
[TimeControl "2700+10"]

1. e4 {[%emt 0:00:00]} c5 {[%emt 0:00:35]} 2. Nf3 {[%emt 0:00:00]} Nc6 {[%emt 0:00:05]} 3. d4 {[%emt 0:00:07]} cxd4 {[%emt 0:00:06]} 4. Nxd4 {[%emt 0:00:03]} Nf6 {[%emt 0:00:21]} 5. Nc3 {[%emt 0:00:03]} e5 {[%emt 0:00:05]} 6. Ndb5 {[%emt 0:00:10]} d6 {[%emt 0:00:06]} 7. Bg5 {[%emt 0:00:53]} a6 {[%emt 0:00:05]} 8. Na3 {[%emt 0:00:02]} b5 {[%emt 0:00:10]} 9. Bxf6 {[%emt 0:00:48]} gxf6 {[%emt 0:00:07]} 10. Nd5 {[%emt 0:00:01]} Bg7 {[%emt 0:00:43]} 11. c3 {[%emt 0:01:49]} f5 {[%emt 0:01:53]} 12. Bd3 {[%emt 0:05:24]} Be6 {[%emt 0:05:37]} 13. Qh5 {[%emt 0:03:27]} Rb8 {[%emt 0:09:14]} 14. Nc2 {[%emt 0:02:58]} f4 {[%emt 0:11:15]} 15. g3 {[%emt 0:06:41]} Bxd5 {[%emt 0:00:43]} 16. exd5 {[%emt 0:00:04]} Ne7 {[%emt 0:00:27]} 17. Be4 {[%emt 0:01:26]} Ng6 {[%emt 0:01:09]} 18. Nb4 {[%emt 0:02:33]} Qb6 {[%emt 0:05:17]} 19. Nc6 {[%emt 0:06:19]} Rb7 {[%emt 0:00:03]} 20. b4 {[%emt 0:00:09]} O-O {[%emt 0:00:49]} 21. O-O {[%emt 0:00:21]} f5 {[%emt 0:04:18]} 22. Bxf5 {[%emt 0:00:21]} Rf6 {[%emt 0:00:53]} 23. g4 {[%emt 0:08:08]} f3 {[%emt 0:01:39]} 24. Qh3 {[%emt 0:01:04]} e4 {[%emt 0:00:46]} 25. Bxe4 {[%emt 0:01:21]} Rf4 {[%emt 0:01:46]} 26. Bxg6 {[%emt 0:00:56]} hxg6 {[%emt 0:00:03]} 27. Rae1 {[%emt 0:00:02]} Bxc3 {[%emt 0:00:58]} 28. Re8+ {[%emt 0:01:11]} Kf7 {[%emt 0:00:05]} 29. Re6 {[%emt 0:00:28]} Bg7 {[%emt 0:00:13]} 30. Rfe1 {[%emt 0:00:23]} Rf6 {[%emt 0:00:17]} 31. Rxf6+ {[%emt 0:00:44]} Bxf6 {[%emt 0:00:08]} 32. Qh7+ {[%emt 0:00:27]} Bg7 {[%emt 0:00:05]} 33. Re6 {[%emt 0:00:06]} 1-0